S dvoma titulmi len Čermák V Brne sa skončili majstrovstvá ČSSR v dráhovej cyklistike

Bibliographic Details
Main Author: Lučanič, Ľudovít, 1959- (Author)
Format: Article
Language:Slovak
Subjects:

MARC

LEADER 00000nab a2200000 a 4500
001 vtls000326266
003 SK-MaSNL
005 20260302225917.0
008 111201c1988 xo 0 slo
015 |a SNBRB19rr/mm-uuuuu 
035 |a CL0326388 
040 |a SNKBUCL  |b slo  |c SNKBUCL  |e AACR2 
041 0 |a slo 
044 |a xo  |c SK 
080 |a 796.61.093.52(437)  |2 1981 
100 1 |a Lučanič, Ľudovít,  |d 1959-  |4 aut  |9 5542 
245 1 0 |a S dvoma titulmi len Čermák  |b V Brne sa skončili majstrovstvá ČSSR v dráhovej cyklistike  |c Ľudovít Lučanič 
650 0 7 |a dráhová cyklistika  |2 snkbucl  |9 28801 
651 7 |a 3703  |2 snkbucl  |9 928387 
655 7 |a články z novín a časopisov  |2 snkbucl  |9 267496 
773 0 |t Šport  |g Roč. 42, č. 167 (18. 7. 1988), s. 5 
850 |a Slovenská národná knižnica v Martine  |a MTA001 
852 |a SNK  |b KIS3GCP 
958 |a RK 
992 |a RBX 
999 |c 1531313  |d 1533243